{"text_format":"3","workbook":"xlsx","n_sheets":4,"sheets":["matriz formulada","consolidado matriz","Peligros","VALORES PARA CALIFICAR"],"not_rendered":{"images":6,"defined_names":6,"comments":1},"read":"whole","date_system":"1900"}

{"sheet":"matriz formulada","index":0,"n_rows":3472,"n_cols":34,"rows_kept":3472,"merged":[[0,0,0,33],[1,0,1,33],[2,0,2,1],[3,0,3,1],[3,2,3,3],[4,0,4,1],[4,2,4,3],[6,0,7,0],[6,1,7,1],[6,2,7,2],[6,3,7,3],[6,4,7,4],[6,5,6,6],[6,7,6,8],[6,9,6,10],[6,11,6,13],[6,14,6,20],[6,22,6,25],[6,26,6,28],[6,29,6,33]]}
["MATRIZ DE PELIGROS Y RIESGOS"]
[]
["Puesto de trabajo:",null,"Odontólogo"]
["Fecha de elaboración:",null,"13 de Agosto de 2018"]
["Descripción del puesto:"]
[]
["PROCESO","ZONA/ LUGAR","CARGO","ACTIVIDAD","TAREA","CLASIFICACIÓN",null,"PELIGRO\n (fuente, situación o acto)",null,"EFECTOS POSIBLES",null,"CONTROL EXISTENTES",null,null,"EVALUACIÓN DEL RIESGO",{"$nulls":6},"VALORACIÓN DEL RIESGO","EXPUESTOS",{"$nulls":3},"CRITERIOS PARA ESTABLECER CONTROLES",null,null,"MEDIDAS DE INTERVENCIÓN"]
[{"$nulls":5},"Rutinaria","No Rutinaria","Descripción","Clasificación","Salud","Seguridad","Fuente","Medio ","Individuo","Nivel de Deficiencia (ND) ","Nivel de Exposición (NE)","Nivel de Probabilidad (ND*NE)","Interpretación del Nivel de Probabilidad","Nivel de Consecuencia","Nivel de Riesgo e Intervención (NR)","Interpretación del Nivel de Riesgo","Aceptabilidad del Riesgo","Planta","Provisionales","Contratistas","Total Expuestos","Tiempo de Exposición","Peor consecuencia","Requisito Legal Asociado","Eliminación","Sustitución","Controles de Ingenieria","Controles Administrativos, Señalización, Advertencia","Equipo y/o Elementos de Protección Personal e Individual"]
["OPERATIVO",null,"ODONTÓLOGO","Prevención tratamiento y pronóstico de enfermedades relacionadas con la cavidad oral.","Exodoncias, profilaxis, endodoncias, ortodoncia, cirugías,etc.","X",null,"Iluminación (luz visible por exceso o deficiencia)","Físico","Problemas visuales.",null,"Un lámpara con luz adecuada. ","Lámparas flexibles que se puedan mover con facilidad.","Ninguno",6,3,{"$f":"O9*P9","v":18},{"$f":"IF(Q9<=4,\"BAJO\",IF(Q9<=8,\"MEDIO\",IF(Q9<=20,\"ALTO\",IF(Q9<=40,\"MUY ALTO\"))))","v":"ALTO"},25,2,"II",{"$f":"IF(T9<=20,\"ACEPTABLE\",IF(T9<=120,\"MEJORABLE\",IF(T9<=500,\"ACEPTABLE CON CONTROL ESPECIFICO\",IF(T9<=4000,\"NO ACEPTABLE\"))))","v":"ACEPTABLE"},null,null,1,1,"5 HORAS","CEFALGIA, TRANSTORNOS OCULARES, FATIGA. ","NO","Lamparas antiguas y con poca capacidad de iluminar","Sustitución de lámparas por unas con luz más adecuada."]
[{"$nulls":7},"Ruido (de impacto, intermitente, continuo)","Físico","Alteraciones de la capacidad auditiva.",null,"Ninguno","Consultorios aislados de ruido.","Ninguno",0,3,0,"BAJO",25,{"$f":"Q10*S10","v":0},{"$f":"IF(T10<=20,\"IV\",IF(T10<=120,\"III\",IF(T10<=500,\"II\",IF(T10<=4000,\"I\"))))","v":"IV"},"ACEPTABLE",1,1,1,{"$f":"W10+X10+Y10","v":3},"5 HORAS","SORDERA","NO",null,null,"CONSTRUCCIONES AISLADAS DE SONIDO","SENALIZACIÓN \"SILENCIO\""]
[{"$nulls":7},"Radiaciones ionizantes (rayos x, gama, beta y alfa)","Físico","Cáncer u otras alteraciones",null,"Mantenimiento constante de equipos, colimadores.","Muros plomados en el área de radiación.","Uso de medidas de bioseguridad. (Guantes, tapabocas, caretas, etc.) ",2,2,4,"BAJO",60,{"$f":"S11*Q11","v":240},"II","ACEPTABLE CON CONTROL ESPECIFICO",1,1,1,3,"10 MINUTOS","CÁNCER","SI","EQUIPOS ANTIGUOS O DAÑADOS","REEMPLAZAR EQUIPOS MUY ANTIGUOS O DAÑADOS",null,"SENALIZACIÓN \"RADIACIÓN\"","BLINDAJE"]
[{"$nulls":7},"Virus","Biológico","VIH, SIDA, estados gripales,  Hepatitis B, etc.",null,"Esterilización de instrumentos.","Esterilización de  elementos del módulo","Uso de medidas de bioseguridad. (Guantes, tapabocas, caretas, etc.) ",6,4,24,"MUY ALTO",60,1440,"I","NO ACEPTABLE",null,null,1,1,"8 HORAS","VIH","NO",{"$nulls":4},"BIOSEGURIDAD"]
[{"$nulls":7},"Bacterias","Biológico","Tuberculosis, neumonía, infecciones.",null,"Esterilización de instrumentos.","Esterilización de  elementos del módulo","Uso de medidas de bioseguridad. (Guantes, tapabocas, caretas, etc.) ",6,4,24,"MUY ALTO",60,1440,"I","NO ACEPTABLE",null,null,1,1,"8 HORAS","TUBERCULOSIS","NO",{"$nulls":4},"BIOSEGURIDAD"]
[{"$nulls":7},"Hongos","Biológico","Neumonía, candidiasis, etc.",null,"Esterilización de instrumentos.","Esterilización de  elementos del módulo","Uso de medidas de bioseguridad. (Guantes, tapabocas, caretas, etc.) ",6,4,24,"MUY ALTO",60,1440,"I","NO ACEPTABLE",null,null,1,1,"8 HORAS","CANDIDIASIS","NO",{"$nulls":4},"BIOSEGURIDAD"]
[{"$nulls":7},"Mordeduras","Biológico","Hemorragias, vías de entrada de infecciones, etc. ",null,"Ninguno","Ninguno","Precaución y cuidado con pacientes.",2,3,6,"MEDIO",25,150,"II","ACEPTABLE CON CONTROL ESPECIFICO",null,null,1,1,"5 HORAS","INFECCIONES","NO",{"$nulls":4},"BIOSEGURIDAD"]
[{"$nulls":7},"Fluidos o excrementos","Biológico","Transmisión de enfermedades presentes en el paciente por medio de saliva o sangre.",null,"Ninguno","Esterilización de  elementos del módulo","Uso de medidas de bioseguridad. (Guantes, tapabocas, caretas, etc.) ",6,3,18,"ALTO",60,1080,"I","NO ACEPTABLE",null,null,1,1,"5 HORAS","QUEMADURAS","NO",{"$nulls":4},"BIOSEGURIDAD"]
[{"$nulls":7},"Líquidos (nieblas y rocíos)","Químicos","Quemaduras, irritación, dermatitis.",null,"Cerrar correctamente los envases","Ubicación adecuada de elementos.","Uso con precaución.",2,3,6,"MEDIO",25,150,"II","ACEPTABLE CON CONTROL ESPECIFICO",null,null,1,1,"5 HORAS","IRRITACIONES","NO",{"$nulls":4},"BIOSEGURIDAD"]
[{"$nulls":7},"Material Particulado","Químicos","Inhalación, problemas respiratorios.",null,"Cerrar correctamente los envases","Ubicación adecuada de elementos.","Uso con precaución.",2,3,6,"MEDIO",25,150,"II","ACEPTABLE CON CONTROL ESPECIFICO",null,null,1,1,"5 HORAS","ALERGIAS","NO",{"$nulls":4},"BIOSEGURIDAD"]
[{"$nulls":7},"Condiciones de la tarea (carga mental, contenido de la tarea, demandas emocionales, sistemas de control, definición de roles, monotonía, etc.)","Psicosocial","Estrés, depresión, ansiedad. ",null,"Reducción o ajuste de las cargas de trabajo.","Ninguno","Pausas activas, actividades de relajación.",2,4,8,"MEDIO",10,80,"III","MEJORABLE",1,1,1,3,"8 HORAS","DEPRESIÓN","SI",null,null,"ESPACIOS TRANQUILOS Y CÓMODOS"]
[{"$nulls":7},"Jornada de trabajo (pausas, trabajo nocturno, rotación, horas extras, descansos)","Psicosocial","Estrés, depresión, ansiedad. ",null,"Reducción o ajuste de las jornadas de trabajo y cargas.","Ninguno","Pausas activas, actividades de relajación.",2,4,8,"MEDIO",10,80,"III","MEJORABLE",1,1,1,3,"8 HORAS","DEPRESIÓN","SI",{"$nulls":3},"REDUCCIÓN HORAS DE TRABAJO"]
[{"$nulls":7},"Postura (prolongadas, mantenida, forzada y anti gravitacional)","Biomecánicas","Lumbalgias, posturas cifóticas o lordóticas.",null,"Ninguno","Sillas ergonómicas.","Buen posicionamiento.",6,4,24,"MUY ALTO",60,1440,"I","NO ACEPTABLE",null,null,1,1,"8 HORAS","LUMBALGIA","NO","SILLAS INCÓMODAS ","SILLAS ERGONÓMICAS"]
[{"$nulls":7},"Movimiento repetitivo","Biomecánicas","Tunel carpiano, estrés muscular, etc.",null,"Ninguno","Elementos ergonómicos.","Pausas activas y buen posicionamiento.",6,4,24,"MUY ALTO",60,1440,"I","NO ACEPTABLE",null,null,1,1,"8 HORAS","TUNEL CARPIANO","NO",{"$nulls":4},"PAUSAS ACTIVAS"]
[{"$nulls":7},"Mecánico (elementos o partes de maquinas, herramientas, equipos, piezas a trabajar, materiales proyectados sólidos o fluidos)","Condiciones de Seguridad","Cortaduras y traumatismos.",null,"Ninguno","Buen posicionamiento de los objetos.","Capacitación adecuada sobre el manejo de los mismos.",6,3,18,"ALTO",25,450,"II","ACEPTABLE CON CONTROL ESPECIFICO",null,null,1,1,"5 HORAS","CORTADURAS","NO",{"$nulls":4},"PRECAUCIÓN"]
[{"$nulls":7},"Precipitaciones, (lluvias, granizadas, heladas)","Fenómenos naturales",null,"Inundaciones, daños en infraestructura.","Pronósticos ambientales.","Uso de infraestructura adecuada y medidas de emergencia. ","Capacitación adecuada en el manejo de situaciones de riesgo ambiental.",2,1,2,"BAJO",100,200,"II","ACEPTABLE CON CONTROL ESPECIFICO",1,1,1,3,0,"MUERTE","NO",null,null,"INFRAESTRUCTURA PREVENTIVA EN CASO DE EMERGENCIA ","SEÑALIZACIÓN DE EVACUACIÓN","CAPACITACIÓN PERSONAL EN CASO DE EMERGENCIA"]
{"$rows_empty":3403}
[null,null,"ND","NE","NC","SI"]
["Virus","Biológico",10,4,100,"NO"]
["Bacterias","Físico",6,3,60]
["Hongos","Químicos",2,2,25]
["Ricketsias","Psicosocial",0,1,10]
["Parásitos","Biomecánicas","quimico"]
["Picaduras","Condiciones de Seguridad",4]
["Mordeduras","Fenómenos naturales",3]
["Fluidos o excrementos",null,2]
["Ruido (de impacto, intermitente, continuo)",null,1]
["Iluminación (luz visible por exceso o deficiencia)",null,0]
["Vibración (cuerpo entero, segmentaria)"]
["Temperaturas extremas (calor y frio)"]
["Presión atmosférica (normal y ajustada)"]
["Radiaciones ionizantes (rayos x, gama, beta y alfa)"]
["Radiaciones no ionizantes (laser, ultravioleta, infrarroja, radiofrecuencia, microondas)"]
["Polvos orgánicos inorgánicos"]
["Fibras"]
["Líquidos (nieblas y rocíos)"]
["Gases y vapores"]
["Humos metálicos, no metálicos"]
["Material Particulado"]
["Gestión Organizacional (estilo de mando, pago, contratación, participación, inducción y capacitación, bienestar social, evaluación del desempeño, manejo de cambios)."]
["Características de la organización del trabajo (comunicación, tecnología, organización del trabajo, demandas cualitativas y cuantitativas de la labor)."]
["Características del grupo social de trabajo (relaciones, cohesión, calidad de interacciones, trabajo en equipo)."]
["Condiciones de la tarea (carga mental, contenido de la tarea, demandas emocionales, sistemas de control, definición de roles, monotonía, etc.)"]
["Interfase persona - tarea (conocimientos, habilidades en relación con la demanda de la tarea, iniciativa, autonomía y reconomiento, identificación de la persona con la tarea y la organización "]
["Jornada de trabajo (pausas, trabajo nocturno, rotación, horas extras, descansos)"]
["Postura (prolongadas, mantenida, forzada y anti gravitacional)"]
["Esfuerzo"]
["Movimiento repetitivo"]
["Manipulación de cargas"]
["Mecánico (elementos o partes de maquinas, herramientas, equipos, piezas a trabajar, materiales proyectados sólidos o fluidos)"]
["Eléctrico (alta y baja tensión, estática)"]
["Locativo (sistema y medios de almacenamiento), superficies de trabajo (irregulares, deslizantes, con diferencia del nivel), condiciones de orden y aseo, (caídas de objeto)"]
["Tecnológico (explosión, fuga, derrame, incendio)"]
["Accidentes de tránsito"]
["Públicos (robos, atracos, asaltos, atentados, de orden público, etc.)"]
["Trabajos en alturas"]
["Espacios confinados"]
["Sismo"]
["Terremoto"]
["Vendaval"]
["Inundación"]
["Precipitaciones, (lluvias, granizadas, heladas)"]

{"sheet":"consolidado matriz","index":1,"n_rows":16,"n_cols":7,"rows_kept":16,"merged":[[1,1,1,6],[3,1,5,2],[3,3,3,6],[6,1,24,1],[8,2,14,2],[8,3,14,3],[15,2,24,2],[15,3,24,3]]}
[]
[null,"MATRIZ DE RIESGO SST  "]
[]
[null,"NIVEL DE RIESGO NP=NP* NC",null,"NIVEL DE PROBABILIDAD (NP)"]
[{"$nulls":3},"MUY ALTO (MA)","ALTO  (A)","MEDIO (M)","BAJA (B)"]
[{"$nulls":3},"ENTRE 40 - 24","ENTRE 20 - 10","ENTRE 8 - 6","ENTRE 4 Y 2"]
[null,"NIVEL DE CONSECUENCIAS (NC)","MORTAL O CATASTRÓFICO (M) \n100"]
[null,null,"MUY GRAVE (MG)\n60"]
[null,null,"GRAVE \n(G)\n25"]
[]
[]
[]
[]
[]
[]
[null,null,"LEVE\n(L)\n10"]

{"sheet":"Peligros","index":2,"n_rows":14,"n_cols":8,"rows_kept":14,"merged":[[1,0,1,7],[3,0,13,0],[3,1,3,7],[13,1,13,7]]}
[]
["DESCRIPCIÓN Y CLASIFICACIÓN DE PELIGROS"]
[]
["DESCRIPCIÓN","CLASIFICACIÓN"]
[null,"Biológico","Físico","Químicos","Psicosocial","Biomecánicas","Condiciones de Seguridad","Fenómenos naturales"]
[null,"Virus","Ruido (de impacto, intermitente, continuo)","Polvos orgánicos inorgánicos","Gestión Organizacional (estilo de mando, pago, contratación, participación, inducción y capacitación, bienestar social, evaluación del desempeño, manejo de cambios).","Postura (prolongadas, mantenida, forzada y anti gravitacional)","Mecánico (elementos o partes de maquinas, herramientas, equipos, piezas a trabajar, materiales proyectados sólidos o fluidos)","Sismo"]
[null,"Bacterias","Iluminación (luz visible por exceso o deficiencia)","Fibras","Características de la organización del trabajo (comunicación, tecnología, organización del trabajo, demandas cualitativas y cuantitativas de la labor).","Esfuerzo","Eléctrico (alta y baja tensión, estática)","Terremoto"]
[null,"Hongos","Vibración (cuerpo entero, segmentaria)","Líquidos (nieblas y rocíos)","Características del grupo social de trabajo (relaciones, cohesión, calidad de interacciones, trabajo en equipo).","Movimiento repetitivo","Locativo (sistema y medios de almacenamiento), superficies de trabajo (irregulares, deslizantes, con diferencia del nivel), condiciones de orden y aseo, (caídas de objeto)","Vendaval"]
[null,"Ricketsias","Temperaturas extremas (calor y frio)","Gases y vapores","Condiciones de la tarea (carga mental, contenido de la tarea, demandas emocionales, sistemas de control, definición de roles, monotonía, etc.)","Manipulación de cargas","Tecnológico (explosión, fuga, derrame, incendio)","Inundación"]
[null,"Parásitos","Presión atmosférica (normal y ajustada)","Humos metálicos, no metálicos","Interfase persona - tarea (conocimientos, habilidades en relación con la demanda de la tarea, iniciativa, autonomía y reconomiento, identificación de la persona con la tarea y la organización ",null,"Accidentes de tránsito","Precipitaciones, (lluvias, granizadas, heladas)"]
[null,"Picaduras","Radiaciones ionizantes (rayos x, gama, beta y alfa)","Material Particulado","Jornada de trabajo (pausas, trabajo nocturno, rotación, horas extras, descansos)",null,"Públicos (robos, atracos, asaltos, atentados, de orden público, etc.)"]
[null,"Mordeduras","Radiaciones no ionizantes (laser, ultravioleta, infrarroja, radiofrecuencia, microondas)",{"$nulls":3},"Trabajos en alturas"]
[null,"Fluidos o excrementos",{"$nulls":4},"Espacios confinados"]
[null,"Tener en cuenta únicamente los peligros de fenómenos naturales que afectan la seguridad y bienestar de las personas en el desarrollo de una actividad. En el plan de emergencia de cada empresa, se considerarán todos los fenómenos naturales que pudieran afectarla. "]

{"sheet":"VALORES PARA CALIFICAR","index":3,"n_rows":27,"n_cols":16,"rows_kept":27,"merged":[[2,1,2,3],[2,5,2,7],[2,10,2,15],[3,10,4,11],[3,12,3,15],[5,10,7,10],[10,1,10,3],[10,5,10,7],[10,10,10,15],[11,5,12,5],[11,6,12,6],[11,10,12,11],[11,12,11,15],[13,10,16,10],[17,5,18,7],[21,1,21,3],[21,5,21,7],[22,6,22,7],[22,8,22,13],[23,6,23,7],[23,8,23,13],[24,6,24,7],[24,8,24,13],[25,6,25,7],[25,8,25,13],[26,6,26,7],[26,8,26,13]]}
[]
[]
[null,"Tabla No. 1 Determinación del nivel de deficiencia",{"$nulls":3},"Tabla No. 2  Determinación del nivel de exposición",{"$nulls":4},"Tabla No. 3  Determinación del nivel de probabilidad"]
[null,"Nivel de deficiencia","Valor de ND","Significado",null,"Nivel de exposición","Valor de NE","Significado",null,null,"Nivel de probabilidad",null,"Nivel de Exposición (NE)"]
[null,"Muy Alto (MA)",10,"Se ha (n) detectado peligro (s) que determina(n) como posible la generación de incidentes  o la eficacia del conjunto de medidas preventivas existentes respecto al riesgo es nula o no existe, o ambos.",null,"Continua (EC)",4,"La situación de exposición se presenta sin interrupción o varias veces con tiempo prolongado durante la jornada laboral",{"$nulls":4},4,3,2,1]
[null,"Alto (A)",6,"Se ha (n) detectada algún (os) peligro (s) que pueden dar lugar a incidentes significativa(s), o la eficacia del conjunto de medidas preventivas existentes es moderada, o ambos.",null,"Frecuente (EF)",3,"La situación de exposición se presenta varias veces durante la jornada laboral por tiempos cortos",null,null,"Nivel de deficiencia (ND)",10,"MA-40","MA-30","A-20","A-10"]
[null,"Medio (M)",2,"Se han detectado peligros que pueden dar lugar a incidentes poco significativas o de menor importancia, o la eficacia del conjunto de medidas preventivas existentes es moderada, o ambas.",null,"Ocasional (EO)",2,"La situación de exposición se presenta alguna vez durante la jornada laboral y por un período de tiempo corto",{"$nulls":3},6,"MA-24","A-18","A-12","M-6"]
[null,"Bajo (B)","No se asigna valor","No se ha detectado peiigro o la eficacia del conjunto de medidas preventivas existentes es alta, o ambas. El riesgo está controlado.  Estos peligros se clasifican directamente en el nivel de riesgo y de intervención cuatro (IV)",null,"Esporádica (EE)",1,"La situación de exposición se presenta de manera eventual",{"$nulls":3},2,"M-8","M-6","B-4","B-2"]
[]
[]
[null,"Tabla No. 4 Significado de los diferentes niveles de probabilidad",{"$nulls":3},"Tabla No. 5 Determinación del nivel de consecuencia",{"$nulls":4},"Tabla 6. Determinación del nivel de riesgo"]
[null,"Nivel de probabilidad","Valor de NP","Significado",null,"Nivel de consecuencias","Valor NC","Significado",null,null,"Nivel de riesgo\nNR = NP X NC",null,"Nivel de probabilidad (NP)"]
[null,"Muy Alto (MA)","Entre 40 y 24","Situación deficiente con exposición continua o muy deficiente con exposición frecuente. Normalmente la materialización del riesgo ocurre con frecuencia",{"$nulls":3},"Daños personales",{"$nulls":4},"40-24","20*10","8*6","4*2"]
[null,"Alto (A)","Entre 20 y 10","situación deficiente con exposición frecuente u ocasioanal, o bien situación muy deficiente con exposición ocasional o esporádica.  La materialización del riesgo es posible que suceda varias veces en la vida laboral.",null,"Mortal o catastrófico (M)",100,"Muerte (s)",null,null,"Nivel de consecuencias (NC)",100,"I\n\n4000 – 2400","I \n\n2000 - 1200","I\n\n800-600","II\n\n400-200"]
[null,"Medio (M)","Entre 8 y 6","Situación deficiente con exposición esporádica o bien situación mejorada con exposición continuada o frecuente.  Es posible que suceda el daño alguna vez.",null,"Muy grave (MG)",60,"Lesiones o enfermedades graves irreparables (incapacidad permanente parcial o invalidez)",{"$nulls":3},60,"I\n\n2400 – 1440","I\n\n1200 – 600","II\n\n480-360","\n                       III 120"]
[null,"Bajo (B)","Entre 4 y 2","Situación mejorable con exposición ocasional o esporádica, o situación sin anomalía destacable con cualquier nivel de exposición.  No es esperable que se materialice el riesgo, aunque puede ser concebible.",null,"Grave (G)",25,"Lesiones o enfermedades con incapacidad laboral temporal (ILT)",{"$nulls":3},25,"I\n\n1000 – 600","II\n\n500 – 250","II\n\n200-150","III\n\n100-50"]
[{"$nulls":5},"Leve (L)",10,"Lesiones o enfermedades que no requieren incapacidad",{"$nulls":3},10,"II\n\n400 - 240","\n\n      III 100","III\n\n80-60","III 40\n     \n              IV 20"]
[{"$nulls":5},"Nota  Para evaluar el nivel de consecuencias, tenga en cuenta la consecuencia directa mas grave que se pueda presentar en la actividad valorada."]
[]
[]
[]
[null,"Tabla 7. Significado del nivel de riesgo",{"$nulls":3},"Tabla 8.  Aceptabilidad del riesgo"]
[null,"Nivel de riesgo","Valor de NR","Significado",null,"Nivel de riesgo","Significado",null,"Explicación"]
[null,"I","4000 - 600","Situación crítica. Suspender actividades hasta que él riesgo esté bajo control.  Intervención urgente.",null,"I","No aceptable",null,"Situación Crítica, corrección urgente."]
[null,"II","500 – 150","Corregir y adoptar medidas de control de inmediato. ",null,"II","No aceptable o aceptable con control especifico",null,"Corregir o adoptar medidas de control"]
[null,"III","120 – 40","Mejorar si es posible.  Sería conveniente justificar la intervención y su rentabilidad.",null,"III","Mejorable",null,"Mejorar el Control Existente"]
[null,"IV",20,"Mantener las medidas de control existentes, pero se deberían considerar soluciones o mejoras y se deben hacer comprobaciones periódicas para asegurar que el riesgo aún es aceptable.   ",null,"IV","Aceptable",null,"No intervenir, salvo que un análisis más preciso lo justifique."]